000
00326 a2200109 4500
001
ART_38721
005
20260410161646.0
008
260409a
245
1
0
_a
Adiós a las DJAI ... se crea el SIMI
100
1
_a
Januszewski, Karina
773
0
_t
Consultor tributario
_g
- Año 10, Nº 111 (mayo 2016)
_w
REV474
999
_c
13795
_d
13795